00858nam a2200253 a 450000100060000000300080000600500170001400800410003102000320007203500190010404000320012304100080015508200260016310000220018924500670021125000130027826000550029130000200034650001090036650000200047550400250049565000490052070000350056949992BD-RjUL20211209075436.0160822s1987 cau b 001 0 eng  a0803931271 (pbk.) c: $6.95 a(BD-RjUL)50112 aDLCcDLCdDLCdBD-RjULbeng aeng00219a379.154bSTH 19871 aStecher, Brian M.10aHow to focus an evaluation /cBrian M. Stecher, W. Alan Davis. aRev. ed. aNewbury Park, Calif. :bSage Publications,cc1987. a94 p. ;c22 cm. aRev. ed. of: How to deal with goals and objectives / Lynn Lyons Morris, Carol Taylor Fitz-Gibbon. c1978. aIncludes index. aBibliography: p. 91. 0aEvaluation research (Social action programs)1 aDavis, W. Alanq(William Alan)